Представление документа в формате RUSMARC

ПолеНазваниеЗначение
  Тип записи a
  Библиографический уровень a
001 Контрольный номер RU/CBS_Ul/BASE/515887667
005 Дата корректировки 20240209175200.1
100 Данные общей обработки __
a Данные общей обработки 20160506d2016 ||| 0rusy0189 ca
101 Язык документа 0_
a Язык текста rus
102 Страна публикации __
a Страна публикации RU
105 Кодированные данные (монография) __
a Кодированные данные (монография) y###||||000|y
200 Заглавие и сведения об ответственности 1_
a Заглавие Шукшин: пять плюс два
b Общее обозначение материала Текст
e Сведения, относящиеся к заглавию [об инсценировке рассказов Василия Шукшина московским драматическим театром "Сфера"]
f Первые сведения об ответственности О. Русецкая
300 Общие примечания __
a Общие примечания Ограничения по возрасту - 16+
461 Уровень набора _0
1 2000
a Клуб
463 Уровень физической единицы _0
1 001RU/CBS_Ul/BASE/495722862
1 2000
a № 7
v С.24-25 : фото
1 210
d 2015
606 Тематические рубрики 0_
a Основная рубрика Драматический театр русский - 21 в. - Постановки
610 Ключевые слова 0_
a Ключевые слова театр русский драматический
a Ключевые слова русский драматический театр
a Ключевые слова постановки театральные
a Ключевые слова инсценировки театральные
a Ключевые слова режиссеры театральные
a Ключевые слова литература русская советская
a Ключевые слова писатели русские советские
a Ключевые слова рассказы шукшинские
686 Индексы других классификаций __
a Классификационный индекс 85.334.3(2)
2 Код системы ББК
700 Автор _1
a Фамилия Русецкая
b Имя (инициалы) О.
g Полное личное имя Ольга
801 Источник записи _0
a Страна RU
b Организация МБУК ЦБС г. Ульяновска
c Дата составления 20160506
g Правила каталогизации RCR
801 Источник записи _1
a Страна RU
b Организация МБУК ЦБС г. Ульяновска
c Дата составления 20160506
g Правила каталогизации RCR
901 Тип документа __
t Тип документа b
w Контрольный № источника RU/CBS_Ul/BASE/495722862
910 Корректоры записи __
a Корректор записи Библиотека 1
938 Служебная информация __
a Имя БД period